Organizational behavior : (Record no. 2183)

MARC details
000 -LEADER
fixed length control field 00691nam a2200217 a 4500
001 - CONTROL NUMBER
control field 2185
005 - DATE AND TIME OF LATEST TRANSACTION
control field 20221127090359.0
008 - FIXED-LENGTH DATA ELEMENTS--GENERAL INFORMATION
fixed length control field 100629s lxxua | 00100|eng d
020 ## - INTERNATIONAL STANDARD BOOK NUMBER
International Standard Book Number 9780071285582(pbk) :
Terms of availability SR214.00
035 ## - SYSTEM CONTROL NUMBER
System control number 80
082 04 - DEWEY DECIMAL CLASSIFICATION NUMBER
Classification number 658
Item number K62 2009
100 1# - MAIN ENTRY--PERSONAL NAME
Personal name Kinicki, Angelo.
245 10 - TITLE STATEMENT
Title Organizational behavior :
Remainder of title key concepts, skills and best practices /
Statement of responsibility, etc. Angelo Kinicki, R. Kreitner.
250 ## - EDITION STATEMENT
Edition statement 4th ed.
260 ## - PUBLICATION, DISTRIBUTION, ETC.
Place of publication, distribution, etc. Boston, Mass. :
Name of publisher, distributor, etc. McGraw-Hill,
Date of publication, distribution, etc. 2009.
300 ## - PHYSICAL DESCRIPTION
Extent xxviii, 475 p. :
Other physical details ill. ;
Dimensions 26 cm.
500 ## - GENERAL NOTE
General note Includes index.
650 #4 - SUBJECT ADDED ENTRY--TOPICAL TERM
Topical term or geographic name entry element Management
General subdivision Psychological aspects.
650 #4 - SUBJECT ADDED ENTRY--TOPICAL TERM
Topical term or geographic name entry element Organizational behavior.
700 1# - ADDED ENTRY--PERSONAL NAME
Personal name Kreitner, Robert,
Relator term jt. auth.
Holdings
Withdrawn status Lost status Source of classification or shelving scheme Damaged status Not for loan Home library Current library Date acquired Total Checkouts Full call number Barcode Date last seen Copy number Price effective from Koha item type
              11/27/2022   658 K62 2009 1000000009862 11/27/2022 C2 11/27/2022 Book
          CENTRAL CENTRAL 11/27/2022   658 K62 2009 1000000003655 11/27/2022 C1 11/27/2022 Book